|
|
|
|
| LEADER |
00000nab a2200000 a 4500 |
| 001 |
vtls000807662 |
| 003 |
SK-MaSNL |
| 005 |
20260304142434.0 |
| 015 |
|
|
|a SNBRB2002/10-29993
|
| 035 |
|
|
|a CLN000159317
|
| 035 |
|
|
|a urn:nbn:sk:snk-aboi7
|
| 035 |
|
|
|a (urnnbn)urn:nbn:sk:snk:ar-a056pl
|
| 035 |
|
|
|a (uuid)7cbb2294-a4de-41ad-a88f-efd2dcb190fa
|
| 040 |
|
|
|a SNKBUCL
|b slo
|c SNKBUCL
|e AACR2
|
| 041 |
0 |
|
|a slo
|
| 044 |
|
|
|a xo
|c SK
|
| 080 |
|
|
|a 616-099:582.28(048)
|2 1997
|
| 100 |
1 |
|
|a Bátora, Igor,
|d 1949-
|4 aut
|9 229562
|
| 245 |
1 |
0 |
|a Otravy jedovatými hubami
|c Igor Bátora
|
| 650 |
0 |
7 |
|a mykotoxikózy
|2 snkbucl
|9 15795
|
| 655 |
|
7 |
|a články z novín a časopisov
|2 snkbucl
|9 267496
|
| 773 |
0 |
|
|t Slovenský lekár
|g Roč. 12 (26), č. 9-10 (2002), s. 365
|x 1335-0234
|
| 787 |
0 |
8 |
|i Rec.:
|a Gavorník, Peter
|t Otravy jedovatými hubami
|d Bratislava : Veda, 2002
|z 8022406708
|
| 850 |
|
|
|a Slovenská národná knižnica
|
| 852 |
|
|
|a Slovenská národná knižnica
|
| 954 |
|
|
|a odborná, vedecká literatúra pôvodná (slovenská)
|2 lita
|
| 958 |
|
|
|a article27
|
| 958 |
|
|
|a MI
|
| 958 |
|
|
|a RC
|
| 958 |
|
|
|a OND
|
| 958 |
|
|
|a EUIPO
|
| 992 |
|
|
|a RBX
|
| 999 |
|
|
|c 2921313
|d 2923243
|